COADUC Revista Colegio de Ayudantes Derecho UC.

Detalles Bibliográficos
Formato: Revista
Lenguaje:español
Publicado: Santiago de Chile: Colegio de Ayudantes Derecho UC, 2014 -
Materias:
Acceso en línea:Acceso restringido

MARC

LEADER 00000nas a22000007a 4500
005 20160928161515.0
007 cr|||| ||u|
008 160928c20149999Cl |||| o|||| 00| spa d
022 |a 0719-6091  
035 |a 14327 
040 |a vLex 
090 |c 6242  |d 6242 
245 0 |a COADUC  |h [Recurso electrn̤ico] :  |b Revista Colegio de Ayudantes Derecho UC. 
256 |a Servicio en ln̕ea 
260 |a Santiago de Chile:  |b Colegio de Ayudantes Derecho UC,  |c 2014 - 
300 |a 1 Recurso electrn̤ico 
362 |a Nm︢. 1 (2014) -  
506 1 |a Disponible solo en los productos.  |d vLex Global  |d vLex Global (Academic Edition, excluding Law Schools)  |d vLex Global (U.S. Academic Edition, Law Schools)  |d vLex Global (U.S. Academic Edition, excluding Law Schools)  |d vLex Global (Academic Edition, Law Schools) 
650 0 4 |a Derecho  |z Chile 
740 0 |a vLex Revistas (servicios en ln̕ea) 
856 4 0 |z Acceso restringido  |u http://vlex.com/source/coaduc-revista-colegio-ayudantes-derecho-uc-14327 
942 |c REV 
999 0 |a Law